LDR 01125naa#a2200181#i#450# 001 RU\\bibl\121574 005 20260512160459.2 011 ## _a1998-6785 100 ## _a20221221b2022####ek#y0rusy0150####ca 102 ## _aRU 200 1# _aПодростково-молодежная аудитория образовательного сегмента русскоязычного YouTube: штрихи к портрету _eЖурнальная статья 210 1# _aВладивосток _cФедеральное государственное бюджетное образовательное учреждение высшего образования "Владивостокский государственный университет" _d2022 215 ## _a8 с. 608 ## _aЖурнальная статья _2local 675 ## _aОрганизационные формы самообразования и получения образования в группах. 374.1 _z 700 #1 _aПопова _gДарья Александровна 700 #1 _aГоряченко _gЕкатерина Андреевна 856 4# _avvgu.editorum.ru _u